000 01654cam a2200373 a 4500
001 ocn398488659
003 OCoLC
005 20251205010956.0
008 090604s2010 nyuab j b 000 0beng
010 _a 2009023143
020 _a9780448453460 (pbk.)
020 _a0448453460 (pbk.)
026 _a9781442094581 (Paw Prints)
026 _a1442094583 (Paw Prints)
026 _a9780605410145 (Permabound)
026 _a0605410143 (Permabound)
035 _a(OCoLC)398488659
040 _aDLC
_beng
_cDLC
_dAZD
_dXY4
_dTYV
_dJST
_dJHY
_dBDX
_dCGB
043 _an-us---
100 1 _aFrith, Margaret.
245 1 0 _aWho was Franklin Roosevelt? /
_cby Margaret Frith ; iIlustrated by John O'Brien.
260 _aNew York :
_bGrosset & Dunlap,
_cc2010.
300 _a105 p. :
_bill., maps ;
_c20 cm.
490 1 _aWho was-- ?
504 _aIncludes bibliographical references (p. 104-105).
505 0 _aWho was Franklin Delano Roosevelt? -- Growing up in Hyde Park -- Meeting Eleanor -- Running for office -- Facing a crisis -- Struggling to walk -- Becoming president -- Living in the White House -- Going to war -- Saying good-bye.
520 _aAn illustrated biography of Franklin Delano Roosevelt that provides information on his childhood in Hyde Park, marriage to Eleanor, political career, years as president, and influence on American history.
600 1 0 _aRoosevelt, Franklin D.
_q(Franklin Delano),
_d1882-1945
_vJuvenile literature.
650 0 _aPresidents
_zUnited States
_vBiography
_vJuvenile literature.
700 1 _aO'Brien, John,
_d1953-
_eillustrator.
830 0 _aWho was-- ?
907 _a.b243787327
942 _cBK
999 _c31312
_d31310